Corporate Social Responsibility - Concept & Cases - The Indian Experience (Record no. 434)

MARC details
000 -LEADER
fixed length control field 00435nam a2200169Ia 4500
008 - FIXED-LENGTH DATA ELEMENTS--GENERAL INFORMATION
fixed length control field 221030s9999 xx 000 0 und d
020 ## - INTERNATIONAL STANDARD BOOK NUMBER
ISBN 8174464492
041 ## - LANGUAGE CODE
Language code of text/sound track or separate title
082 ## - DEWEY DECIMAL CLASSIFICATION NUMBER
Classification number 105.23
Item number Bax
100 ## - MAIN ENTRY--AUTHOR NAME
Personal name C. V. Baxi
245 #0 - TITLE STATEMENT
Title Corporate Social Responsibility - Concept & Cases - The Indian Experience
260 ## - PUBLICATION, DISTRIBUTION, ETC. (IMPRINT)
Name of publisher Excel Books
Place of publication India
Year of publication 2005
300 ## - PHYSICAL DESCRIPTION
Number of Pages 534
650 ## - SUBJECT ADDED ENTRY--TOPICAL TERM
Topical Term Management
700 ## - ADDED ENTRY--PERSONAL NAME
Personal name Ajit Prasad
942 ## - ADDED ENTRY ELEMENTS (KOHA)
Koha item type Books
Holdings
Accession Number Cost, normal purchase price Full call number Price effective from Koha item type Withdrawn / writtenoff status Materials specified (bound volume or other part) Damaged status Not for loan Permanent Location Current Location Shelving location Date acquired Lost/ Missing status department
MBA 675 375.00 105.23 Bax 10/30/2022 Books   Print     MIET Library, Jammu MIET Library, Jammu BL-Second, FL-1, CUP-142, SH-1, R-1 11/09/2005   MBA